Billy Joel Lyrics Quiz (Part 07) - Statistics

General Stats
  • This quiz has been taken 104 times
    98 since last reset
  • The average score is 137 of 310
Answer Stats
Answer % Correct
a
97%
I
96%
the
89%
The
89%
you
83%
You
83%
an
80%
it
74%
and
72%
And
72%
be
72%
when
71%
He
68%
he
68%
Is
68%
is
68%
we
68%
me
66%
Who
66%
she
64%
She
64%
on
63%
So
63%
to
63%
in
62%
In
62%
No,
61%
hear
58%
Of
54%
of
54%
her
53%
don't
49%
that
47%
There
47%
all
46%
see
45%
man
43%
was
43%
not
42%
time
42%
can't
41%
Will
41%
will
41%
as
39%
but
39%
But
39%
did
38%
know
38%
want
38%
his
37%
day
36%
didn't
32%
always
30%
girl
30%
Does
28%
has
28%
gone
26%
with
26%
With
26%
boy
25%
Same
25%
From
24%
now
24%
Once
24%
fall
22%
About
21%
upon
21%
came
20%
put
20%
end,
18%
fallin'
18%
rain
18%
'Cause
17%
face
17%
land
17%
hair
16%
mind
16%
Ah
14%
Ah,
14%
away
14%
becomes
14%
dreams
14%
falling
14%
Falling
14%
head
14%
house
14%
lived
14%
without
13%
begins
12%
braids
12%
far
12%
stood
12%
stop
12%
Another
11%
eyes
11%
fool
11%
next
11%
sang
11%
Things
11%
trees
11%
walked
11%
glad
9%
green
9%
High
9%
hill
9%
misty
9%
nothing's
9%
painted
9%
paints
9%
rainy
9%
seems
9%
sits
9%
streams
9%
touch
9%
waits
9%
Animals
8%
brought
8%
fields
8%
filled
8%
forest
8%
Ground,
8%
lying
8%
nature
8%
satin
8%
scenes
8%
stayed
8%
wooded
8%
bowed
7%
changed
7%
hopeless
7%
recall
7%
crowd
5%
dusty
5%
glades
3%
No matching quizzes found
Score Distribution
Percent of People with Each Score
Percentile by Number Answered
Your Score History
You have not taken this quiz since the last reset